Central Library OPAC University of Rajshahi

Starch : (Record no. 11068)

MARC details
000 -LEADER
fixed length control field 00678nam a22002412 4500
001 - CONTROL NUMBER
control field 11068
003 - CONTROL NUMBER IDENTIFIER
rucl marc code BD-RjUL
005 - DATE AND TIME OF LATEST TRANSACTION
control field 20211208235050.0
008 - FIXED-LENGTH DATA ELEMENTS--GENERAL INFORMATION
fixed length control field 140126t1953 nyua 001 0 eng
035 ## - SYSTEM CONTROL NUMBER
System control number (BD-RjUL)11117
040 ## - CATALOGING SOURCE
Original cataloging agency DLC
Transcribing agency FQG
Modifying agency UKM
-- EQO
Language of cataloging eng
041 ## - LANGUAGE CODE
Language code of text/sound track or separate title eng
082 04 - DEWEY DECIMAL CLASSIFICATION NUMBER
Classification number 664.2
Edition number 16
Author mark and year BRS 1953
100 1# - MAIN ENTRY--PERSONAL NAME
Personal name Brautlecht, Charles Andrew,
Dates associated with a name 1881-
9 (RLIN) 34206
245 00 - TITLE STATEMENT
Title Starch :
Remainder of title its sources, production, and uses /
260 ## - PUBLICATION, DISTRIBUTION, ETC. (IMPRINT)
Place of publication, distribution, etc. New York :
Name of publisher, distributor, etc. Reinhold,
Date of publication, distribution, etc. c1953
300 ## - PHYSICAL DESCRIPTION
Pagination 408 p. :
Illustrations illus. ;
Size 24 cm.
504 ## - BIBLIOGRAPHY, ETC. NOTE
Bibliography, etc Includes bibliographical reference and index.
650 #0 - SUBJECT ADDED ENTRY--TOPICAL TERM
Topical term or geographic name as entry element Starch.
9 (RLIN) 33411
942 ## - ADDED ENTRY ELEMENTS (KOHA)
Source of classification or shelving scheme Dewey Decimal Classification
Koha item type Books
Holdings
Lost status Source of classification or shelving scheme Damaged status Not for loan Collection code Permanent Location Current Location Shelving location Date acquired Source of acquisition Cost, normal purchase price Total Checkouts Full call number Date last seen Copy number Koha item type
  Dewey Decimal Classification   Not For Loan Non-fiction Central Library, University of Rajshahi Central Library, University of Rajshahi Reading Room 29/01/1958 Pub. backwell ltd. 4.16   664.2 BRS 1953 26/01/2014 C-1 Books